إدارة الأعمال الدولية : (رقم التسجيلة. 24119)

تفاصيل مارك
000 -الفاتح
حقل البيانات ثابتة الطول 01062nam a2200229 a 4500
003 - محدد رقم الضبط
رقم الضبط OSt
005 - وقت وتاريخ اخر تعامل مع التسجيلة
رقم الضبط 20150408114044.0
008 - عناصر البيانات ثابتة الطول - معلومات عامة
حقل البيانات ثابتة الطول 120506s2012 jo g b 000 0 ara d
020 ## - الرقم الدولى المعيارى للكتب
الرقم الدولى المعيارى للكتاب 9789957247515
040 ## - مصدر الفهرسة
وكالة النسخ عمادة شؤون المكتبات في جامعة المجمعة
082 04 - رقم تصنيف ديوى العشرى
رقم الطبعة 21
رقم التصنيف 658.049
رقم المادة 658.049 إ ا م
100 1# - المدخل الرئيسى - إسم شخصى
الإسم الشخصى الحريري، محمد سرور.
9 (RLIN) 12387
245 10 - بيان العنوان
العنوان إدارة الأعمال الدولية :
بقية العنوان مدخل استراتيجي لإدارة الأعمال الدولية والعالمية المعاصرة والحديثة /
بيان المسئوليه,etc محمد سرور الحريري.
246 30 - العنوان الموازى
عنوان صحيح/عنوان مختصر إدارة الأعمال الدولية والعالمية المعاصرة والحديثة
250 ## - بيان الطبعة
بيان الطبعة ط. 1.
260 ## - PUBLICATION, DISTRIBUTION, ETC. (IMPRINT)
مكان الناشر او الموزع عمان، الأردن :
اسم الناشر او الموزع دار صفاء للنشر والتوزيع،
تاريخ النشر أو التوزيع 2012
300 ## - الوصف المادى
التعداد 224 ص. ؛
أبعاد الوعاء 24 سم.
504 ## - تبصرة ببليوجرافية
تبصرة ببليوجرافية,الخ ببليوجرافية : ص. 219-224.
650 #7 - المدخل الاضافى بالموضوع-مصطلح موضوعى
مصطلح موضوعي أو اسم جغرافي كعنصر مدخل إدارة الأعمال
مصدر الرأس أو المصطلح aucsh
650 #7 - المدخل الاضافى بالموضوع-مصطلح موضوعى
مصطلح موضوعي أو اسم جغرافي كعنصر مدخل المنظمات الدولية
التقسيم الفرعي العام إدارة
مصدر الرأس أو المصطلح aucsh
9 (RLIN) 12301
942 ## - عناصر المدخل الإضافي( كوها)
مصدر التصنيف او مخطط الترفيف Dewey Decimal Classification
Koha [default] item type كتاب
المقتنيات
حالة الفقد نموذج السعر الفعال حالة تلف ليس للاعارة رقم الطلب رقم النسخة تاريخ الاكتساب الموقع الحالي الباركود موقع الترفيف الفرع الرئيسي Date last seen نوع المادة فى نظام كوها مصدر التصنيف او خطة الترفيف Total Checkouts Date last checked out
  2013-03-10   Not For Loan 658.049 658.049 إ ا م 1 2012-06-15 المكتبة المركزية بالمجمعة (CL) 207878 stacks td المكتبة المركزية بالمجمعة (CL) 2013-03-10 كتاب Dewey Decimal Classification    
  2013-03-10     658.049 658.049 إ ا م 2 2012-06-15 المكتبة المركزية بالمجمعة (CL) 207877 stacks td المكتبة المركزية بالمجمعة (CL) 2013-03-10 كتاب Dewey Decimal Classification    
  2013-03-10     658.049 658.049 إ ا م 3 2012-06-15 المكتبة المركزية بالمجمعة (CL) 207876 stacks td المكتبة المركزية بالمجمعة (CL) 2022-10-27 كتاب Dewey Decimal Classification 1 2022-10-19
  2013-03-10   Not For Loan 658.049 658.049 إ ا م 1 2012-06-14 قسم الاجراءات الفنية (IC) 207875 stacks td قسم الاجراءات الفنية (IC) 2017-11-12 كتاب Dewey Decimal Classification 1 2017-10-24
  2013-03-10     658.049 658.049 إ ا م 2 2012-06-14 قسم الاجراءات الفنية (IC) 207874 stacks td قسم الاجراءات الفنية (IC) 2013-03-10 كتاب Dewey Decimal Classification    
  2013-03-10   Not For Loan 658.049 658.049 إ ا م 1 2012-06-14 مكتبة كلية العلوم و الدراسات الإنسانية برماح - طالبات (SRF) 207871 stacks td مكتبة كلية العلوم و الدراسات الإنسانية برماح - طالبات (SRF) 2014-10-22 كتاب Dewey Decimal Classification 1 2014-09-02
  2013-03-10     658.049 658.049 إ ا م 2 2012-06-14 مكتبة كلية العلوم و الدراسات الإنسانية برماح - طالبات (SRF) 207870 stacks td مكتبة كلية العلوم و الدراسات الإنسانية برماح - طالبات (SRF) 2013-03-10 كتاب Dewey Decimal Classification    
  2013-03-10   Not For Loan 658.049 658.049 إ ا م 1 2012-06-14 مكتبة كلية العلوم و الدراسات الإنسانية برماح - طلاب (SRM) 207873 stacks td مكتبة كلية العلوم و الدراسات الإنسانية برماح - طلاب (SRM) 2013-03-10 كتاب Dewey Decimal Classification    
  2013-03-10     658.049 658.049 إ ا م 2 2012-06-14 مكتبة كلية العلوم و الدراسات الإنسانية برماح - طلاب (SRM) 207872 stacks td مكتبة كلية العلوم و الدراسات الإنسانية برماح - طلاب (SRM) 2013-03-10 كتاب Dewey Decimal Classification